000
00259nam a2200109Ia 4500
008
190216s9999||||xx |||||||||||||| ||und||
100
_a
Das Gupta N
245
0
_a
Hindi- Manch Alokan
260
_b
National Book Trust India
_c
2002
300
_a
155
942
_c
BK
999
_c
16953
_d
16953